| 000 | 01090nam a22002537a 4500 | ||
|---|---|---|---|
| 005 | 20170124103024.0 | ||
| 010 | _a708069 | ||
| 020 | _c10.00 | ||
| 035 | _a708069 | ||
| 037 | _bCen Lib/Ret | ||
| 040 |
_aDPL _bHN |
||
| 082 |
_aउ _bत्यागी |
||
| 100 |
_aत्यागी, मुरारीलाल _961510 |
||
| 245 |
_aपांचवां युग : _cमुरारीलाल त्यागी _bविश्व के इतिहास पर नवीन द्रष्टिकोण / |
||
| 246 |
_aPaanchvan yug : vishv ke itihas par naveen drashtikon / _bby Murarilal Tyagi |
||
| 260 |
_a दिल्ली _bसाहित्य प्रकाशन _c1972 |
||
| 270 |
_aमालीवाड़ा _bदिल्ली _e110006 |
||
| 300 |
_a236पृ. _c16सेमी(सजिल्द) |
||
| 650 |
_aहिंदी साहित्य _961511 |
||
| 650 |
_aहिंदी उपन्यास _961512 |
||
| 650 |
_aHindi literature _961513 |
||
| 650 |
_aHindi fiction _927248 |
||
| 942 |
_2ddc _cHN _hउ _mत्यागी |
||
| 999 |
_c115456 _d115456 |
||